| 000 | 00395nam a2200145Ia 4500 | ||
|---|---|---|---|
| 005 | 20250729165754.0 | ||
| 008 | 250729s2013 xx 000 0 und d | ||
| 041 | _aeng | ||
| 082 | _a530.75 DIRB | ||
| 100 |
_aDirectorate of Pre University _9232617 |
||
| 245 | _aBiology - II P U C | ||
| 260 |
_aBangalore _bCommisionarate of Pre University _c2013 |
||
| 300 | _a290p | ||
| 650 |
_aBiology _9232618 |
||
| 999 |
_c239872 _d239872 |
||